Greek Gods Quiz - Statistics

General Stats
  • This quiz has been taken 46 times
  • The average score is 15 of 21
Answer Stats
Greek Name Answer % Correct
Aphrodite Love/Beauty
97%
Poseidon The Ocean
95%
Hades The Underworld
95%
Ares War
95%
Helios The Sun
92%
Apollo Light/Music/Archery
89%
Artemis The Hunt
89%
Dionysus Wine
89%
Gaia The Earth
84%
Zeus The Sky
82%
Uranus The Sky
82%
Athena Wisdom/Battle
76%
Selene The Moon
71%
Cronus Time
61%
Hera Marriage
55%
Demeter The Harvest
55%
Hestia The Hearth
55%
Hephaestus The Forge
45%
Hermes Merchants/Thieves/Travelers
34%
Eos Dawn
29%
Pan Nature/Wild Places
26%
No matching quizzes found
Score Distribution
Percent of People with Each Score
Percentile by Number Answered
Your Score History
You have not taken this quiz